000 00962nam a22002297a 4500
999 _c20972
_d20972
003 AR-CdUCM
008 190410b ||||| |||| 00| 0 spa d
040 _aMUNICIPALIDAD PROVINCIAL DEL CUSCO
_cBIBLIOTECA MUNICIPAL DEL CUSCO
082 _a352 /
_bT94
100 _aTupayachi Mendoza, Hugo S.
_943761
110 _aMunicipalidad del Qosqo
_96414
245 _aPlan de desarrollo urbano del Qosqo /
260 _aQosqo :
_bMunicipalidad del Qosqo,
_c1992.
300 _c28 cm.
_ePlanos.
500 _aLibro compaginado en cuatro partes, Primera parte que consta de 133 páginas, Segunda de 60 página, Tercerea de 60 páginas y la Cuarta que consta de 32 páginas.
505 _aContenido: Rol económico actual -- Características de la población -. Usos extraurbanos...
650 _aDesarrollo del Cusco.
_930901
650 _aPlan de desarrollo.
_930902
650 _aHabilitación Urbana.
_930903
942 _2ddc
_cLIBROS
945 _aAndy
_d2019-04-30